Taylor Swift songs that have surpassed one billion streams - Statistiques

Statistiques générales
  • Ce quiz a été pris 16 fois
  • Le résultat moyen est 11 sur 21
Statistiques - réponses
Hint Réponse % Correct
3,12B Cruel Summer
92%
1,74B Shake it off
92%
2,24B Blank space
85%
1,91B Anti-Hero
77%
1,81B Cardigan
77%
1,37B Look what you made me do
77%
1,05B Love story
69%
1,04B Fortnight
62%
1,02B I knew you were trouble
62%
1,90B Lover
54%
1,03B Willow
54%
1,64B August
46%
1,49B Don't blame me
46%
2,00B I don't wanna live forever
46%
1,55B Style
46%
1,10B All too well
38%
1,11B Wildest dreams
38%
1,09B You need to calm down
31%
1,24B Delicate
23%
1B Exile
15%
1,08B Love story Taylor's version
8%
Aucun quiz correspondant
Distribution des résultats
% des personnes avec chaque résultat
Percentile par nombre de réponses
Votre historique - résultats
Vous n’avez pas pris ce quiz